000 00564nam a2200181Ia 4500
008 100920s9999 xx 000 0 und d
082 _b23781
_a891.464 थ 71
100 _aटिळक ज. श्री.
245 _aअशी ही दिल्ली.
260 _bटिळक ज.श्री. पुणे30.
_c1971
300 _a272
_bसाधी
365 _b10
520 _aनिबंध.
630 _aअशी ही दिल्ली.
650 _aनिबंध.
730 _aअशी ही दिल्ली.
942 _cBOOK
999 _c682478
_d682475